|
|
|
|
| LEADER |
00000nam a2200000 4500 |
| 001 |
vtls012070273 |
| 003 |
SK-MaSNL |
| 005 |
20260301054714.0 |
| 008 |
210923s2021 xo ho e c 000 0dslo |
| 015 |
|
|
|a SNBE2022
|
| 020 |
|
|
|a 9788089093656
|q (brožované)
|
| 040 |
|
|
|a SNK
|b slo
|c SNK
|e rda
|
| 041 |
0 |
|
|a slo
|b slo
|b hun
|b eng
|
| 043 |
|
|
|a e-hu---
|
| 044 |
|
|
|a xo
|c SK
|
| 072 |
|
7 |
|a 72/76
|x Výtvarné umenie
|2 konspekt
|
| 080 |
|
|
|a 27-722.52
|2 2011
|
| 080 |
|
|
|a 75.071.1
|2 2011
|
| 080 |
|
|
|a 75
|2 2011
|
| 080 |
|
|
|a 76-022.214-023.811
|2 2011
|
| 080 |
|
|
|a 741/744
|2 2011
|
| 080 |
|
|
|a 7.074
|2 2011
|
| 080 |
|
|
|a 72/76:069.5
|2 2011
|
| 080 |
|
|
|a (439)
|2 2011
|
| 080 |
|
|
|a 929
|2 2011
|
| 080 |
|
|
|a (083.824)
|2 2011
|
| 100 |
1 |
|
|a Havlice, Ivan
|4 aut
|9 9972
|
| 245 |
1 |
0 |
|a Žigmund Bubics
|b biskup, umelec, donátor
|c Ivan Havlice, Katalin Harsányiová Szcsuka ; fotografie Gabriel Bodnár
|
| 250 |
|
|
|a Prvé vydanie
|
| 264 |
|
1 |
|a Košice
|b Východoslovenské múzeum v Košiciach
|c 2021
|
| 300 |
|
|
|a 105 strán
|b faksimile, fotografie
|c 22 cm
|
| 336 |
|
|
|a text
|b txt
|2 rdacontent
|
| 336 |
|
|
|a statický obraz
|b sti
|2 rdacontent
|
| 337 |
|
|
|a bez média
|b n
|2 rdamedia
|
| 338 |
|
|
|a zväzok
|b nc
|2 rdacarrier
|
| 366 |
|
|
|e 500 kusov
|
| 504 |
|
|
|a Bibliografické odkazy
|
| 546 |
|
|
|a Slovenské, nemecké a anglické resumé
|
| 600 |
1 |
7 |
|a Bubics, Žigmund,
|d 1821-1907
|2 SNKMA
|9 356443
|
| 648 |
|
7 |
|a 19.-20. storočie
|2 SNKPH
|9 279491
|
| 648 |
|
7 |
|a 19th-20th centuries
|2 SNKPHeng
|9 282960
|
| 650 |
0 |
7 |
|a biskupi
|2 SNKPH
|9 1760
|
| 650 |
0 |
7 |
|a maliari
|2 SNKPH
|9 3150
|
| 650 |
0 |
7 |
|a zberatelia umenia
|2 SNKPH
|9 132848
|
| 650 |
0 |
7 |
|a umelecké zbierky
|2 SNKPH
|9 2982
|
| 650 |
0 |
7 |
|a maliarstvo
|2 SNKPH
|9 812
|
| 650 |
0 |
7 |
|a Bishops
|2 SNKPHeng
|9 287787
|
| 650 |
0 |
7 |
|a Painters
|2 SNKPHeng
|9 99679
|
| 650 |
0 |
7 |
|a Painting
|2 SNKPHeng
|9 294628
|
| 650 |
0 |
7 |
|a Graphic broadsides
|2 SNKPHeng
|9 344023
|
| 650 |
0 |
7 |
|a Drawing
|2 SNKPHeng
|9 294896
|
| 650 |
0 |
7 |
|a grafické listy
|2 SNKPH
|9 344022
|
| 650 |
0 |
7 |
|a kresba
|2 SNKPH
|9 3076
|
| 650 |
0 |
7 |
|a Art collectors
|2 SNKPHeng
|9 135439
|
| 650 |
0 |
7 |
|a Art collections
|2 SNKPHeng
|9 303322
|
| 651 |
|
7 |
|a Uhorsko
|2 SNKPH
|9 28673
|
| 651 |
|
7 |
|a Hungary
|2 SNKPHeng
|9 265263
|
| 655 |
|
7 |
|a katalógy výstav
|2 SNKPH
|9 70445
|
| 655 |
|
7 |
|a Exhibition catalogs
|2 SNKPHeng
|9 266232
|
| 700 |
1 |
|
|a Harsányiová Szcsuka, Katalin
|4 aut
|9 367161
|
| 700 |
1 |
|
|a Bodnár, Gabriel
|c ml.
|4 pht
|9 42947
|
| 919 |
|
|
|a 978-80-89093-65-6
|
| 958 |
|
|
|a NB
|
| 999 |
|
|
|c 611613
|d 613543
|
| 952 |
|
|
|a SNK
|b SNK
|y PREZ
|7 0
|p 17A1459382
|o snkOSC 29387
|i snk2021/13619
|8 0
|0 0
|1 0
|4 0
|d 2021-09-23
|l 0
|r 2026-02-23 16:25:55
|w 2026-02-23
|
| 952 |
|
|
|a SNK
|b SNK
|y VYP
|7 0
|p 17A1459383
|o snkOSC 29387 D1
|i snk2021/13620
|8 0
|0 0
|1 0
|4 0
|d 2021-09-23
|l 0
|r 2026-02-23 16:25:55
|w 2026-02-23
|